000 00749cam a22002411 4500
001 ca 24000873
003 DLC
005 20260227111113.0
008 940117s1924 iluac 000 0 eng
010 _aca 24000873
035 _a(OCoLC)29640838
040 _aDLC
_cIEN
_dDLC
042 _apremarc
050 0 0 _aHD9006
_b.H7
100 1 _aHoward, James Raley,
_d1873-
245 1 0 _aFundamentals of standardization,
_cby J.R. Howard; lesson c ...
260 _aChicago,
_bThe American Institute of Agriculture,
_cc1924.
300 _a30 p.
_billus. (mounted port.)
_c23 cm.
500 _aCover-title.
500 _a"Confidential edition issued for members."
650 0 _aFarm produce.
710 2 _aAmerican Institute of Agriculture, Chicago.
999 _c15894
_d15894